Ajey Qiamat Nain Aaii / (Record no. 525408)

000 -LEADER
fixed length control field 00478nam a22001817a 4500
003 - CONTROL NUMBER IDENTIFIER
control field NUST
005 - DATE AND TIME OF LATEST TRANSACTION
control field 20190702053355.0
038 ## - RECORD CONTENT LICENSOR
Staff Name Faiza
082 ## - DEWEY DECIMAL CLASSIFICATION NUMBER
Classification number 891.421
Author Mark BHA
100 ## - MAIN ENTRY--PERSONAL NAME
Personal name Bhai, Munno
9 (RLIN) 16271
245 ## - TITLE STATEMENT
Title Ajey Qiamat Nain Aaii /
Statement of responsibility, etc. Munno bhai
260 ## - PUBLICATION, DISTRIBUTION, ETC.
Place of publication, distribution, etc. Lahore:
Name of publisher, distributor, etc. Sang-e-meel Publications,
Date of publication, distribution, etc. 2003.
300 ## - PHYSICAL DESCRIPTION
Extent 74p. ;
500 ## - GENERAL NOTE
General note Hard Back
880 ## - ALTERNATE GRAPHIC REPRESENTATION
Linkage 100-01\r
Title منو بھائی
880 ## - ALTERNATE GRAPHIC REPRESENTATION
Linkage 245-02\r
Title /اجے قیامت نئیں آئی
942 ## - ADDED ENTRY ELEMENTS (KOHA)
Source of classification or shelving scheme
Koha item type Book
Holdings
Withdrawn status Lost status Source of classification or shelving scheme Damaged status Not for loan Permanent Location Current Location Date acquired Total Checkouts Full call number Barcode Date last seen Price effective from Koha item type
          Central Library (CL) Central Library (CL) 07/02/2019   891.421 BHA CL-E-10 07/02/2019 07/02/2019 Book
© 2023 Central Library, National University of Sciences and Technology. All Rights Reserved.